Loading...
| Religion | 0 | 3 | 0 | 1 | 30 | 72 | 80.67 | 1 | 1 | 6.55 | 16.43 |
| Mythology | 0 | 3 | 1 | 0 | 25 | 52 | 83.67 | 0 | 1 | 8.33 | 15.00 |
| Literature - British | 0 | 2 | 0 | 0 | 20 | 90 | 91.00 | 0 | 0 | 2.30 | 4.17 |
| Literature - World | 0 | 1 | 0 | 0 | 10 | 92 | 92.00 | 0 | 1 | 2.00 | 6.25 |
| Literature - European | 0 | 1 | 0 | 0 | 10 | 114 | 114.00 | 0 | 0 | 0.50 | 3.75 |
| History - European | 0 | 1 | 0 | 0 | 10 | 81 | 81.00 | 0 | 0 | 1.24 | 0.75 |
| Philosophy | 0 | 1 | 0 | 0 | 10 | 55 | 55.00 | 0 | 0 | 5.69 | 1.56 |
| History - Other | 0 | 1 | 1 | 0 | 5 | 104 | 104.00 | 0 | 0 | 0.96 | 5.00 |
| Popular Culture | 0 | 1 | 1 | 0 | 5 | 28 | 28.00 | 0 | 1 | 14.91 | 12.50 |
| Literature - American | 0 | 0 | 0 | 0 | 0 | 0.00 | 0 | 0 | 0.00 | 0.00 |